Random European Countries - Statistics

General Stats
  • This quiz has been taken 11 times
  • The average score is 12 of 15
Answers on the Map
Answers color-coded by a green-red scale on the quiz's map according to % correct below.
 
Answer Stats
Answer % Correct
France
100%
Greece
100%
Portugal
100%
Sweden
100%
Belarus
91%
Luxembourg
91%
Netherlands
91%
San Marino
82%
Slovakia
82%
Andorra
73%
Latvia
73%
Romania
73%
Albania
64%
North Macedonia
64%
Kosovo
55%
No matching quizzes found
Score Distribution
Percent of People with Each Score
Percentile by Number Answered
Your Score History
You have not taken this quiz